|
|
|
|
| LEADER |
00936nab a2200229 i 4500 |
| 001 |
misc64342 |
| 005 |
20230531143635.0 |
| 008 |
230411s1939 hu o 0|| ger d |
| 040 |
|
|
|a SZTE Miscellanea Repozitórium
|b hun
|
| 041 |
|
|
|a ger
|
| 100 |
1 |
|
|a Räsänen Martti
|
| 245 |
1 |
0 |
|a Sprachliche Miszellen
|h [elektronikus dokumentum] :
|b Spuren vom altaischen anl. n in den türkischen Lehnwörtern im Ungarischen ; Spuren vom altaischen anl. p im Türkischen und im Ungarischen /
|c Räsänen Martti
|
| 260 |
|
|
|a De Gruyter
|b Berlin
|c 1939
|
| 300 |
|
|
|a 99-103
|c 25 cm
|
| 300 |
|
|
|a [5] p.
|c 25 cm
|
| 490 |
0 |
|
|a Ungarische Jahrbücher
|
| 561 |
|
|
|a Németh Gyula hagyaték
|
| 591 |
|
|
|a NOA 4774
|
| 650 |
|
4 |
|a Bölcsészettudományok
|
| 650 |
|
4 |
|a Nyelvek és irodalom
|
| 695 |
|
|
|a Magyar nyelv - török jövevényszavak - hangtan, Altaji nyelvek - hangtan
|
| 856 |
4 |
0 |
|u http://misc.bibl.u-szeged.hu/64342/1/4774_noa.pdf
|z Dokumentum-elérés
|